<?xml version="1.0" encoding="UTF-8"?><?xml-stylesheet type="text/xsl" href="static/style.xsl"?><OAI-PMH xmlns="http://www.openarchives.org/OAI/2.0/" xmlns:xsi="http://www.w3.org/2001/XMLSchema-instance" xsi:schemaLocation="http://www.openarchives.org/OAI/2.0/ http://www.openarchives.org/OAI/2.0/OAI-PMH.xsd"><responseDate>2026-05-11T17:02:58Z</responseDate><request verb="GetRecord" identifier="oai:riubu.ubu.es:10259/8244" metadataPrefix="marc">https://riubu.ubu.es/oai/request</request><GetRecord><record><header><identifier>oai:riubu.ubu.es:10259/8244</identifier><datestamp>2024-01-09T01:05:30Z</datestamp><setSpec>com_10259_7355</setSpec><setSpec>com_10259_7353</setSpec><setSpec>com_10259_2604</setSpec><setSpec>col_10259_8233</setSpec></header><metadata><record xmlns="http://www.loc.gov/MARC21/slim" xmlns:doc="http://www.lyncode.com/xoai" xmlns:xsi="http://www.w3.org/2001/XMLSchema-instance" xmlns:dcterms="http://purl.org/dc/terms/" xsi:schemaLocation="http://www.loc.gov/MARC21/slim http://www.loc.gov/standards/marcxml/schema/MARC21slim.xsd">
<leader>00925njm 22002777a 4500</leader>
<datafield tag="042" ind1=" " ind2=" ">
<subfield code="a">dc</subfield>
</datafield>
<datafield tag="720" ind1=" " ind2=" ">
<subfield code="a">Arriba Ramos, Lara</subfield>
<subfield code="e">author</subfield>
</datafield>
<datafield tag="260" ind1=" " ind2=" ">
<subfield code="c">2023-12</subfield>
</datafield>
<datafield tag="520" ind1=" " ind2=" ">
<subfield code="a">A pesar de la estima con que las crónicas monásticas lo califican de “unus ex totius Provinciae paecipuis”, la memoria del desaparecido convento de San Francisco de Toro, llamado el Grande, rehúye el olvido solo gracias a disgregadas notas al margen de la historia mendicante peninsular. El estudio de sus influencias durante la primera modernidad y de los ecos posteriores a su pérdida permite, no obstante, reconstruir parte de la imagen y los ecos de esta fundación bajomedieval y resituarla como hito monumental de la espiritualidad franciscana en el paisaje urbano de esta villa.</subfield>
</datafield>
<datafield tag="520" ind1=" " ind2=" ">
<subfield code="a">Despite the high esteem monastic chronicles show for it as “unus ex totius Provinciae paecipuis”, the memory of the extinct convent of San Francisco de Toro, vulgo el Grande, escapes oblivion through scattered notes on the margins of the Iberian Mendicant Order’s History. The study of its influences during the early modern period and the analysis of the echoes after its loss, however, allows to reconstruct the image of this late medieval foundation and to reinstate it as a monumen-tal icon of Franciscan spirituality in the urban landscape of this medieval villa.</subfield>
</datafield>
<datafield tag="024" ind2=" " ind1="8">
<subfield code="a">2952-1084</subfield>
</datafield>
<datafield tag="024" ind2=" " ind1="8">
<subfield code="a">http://hdl.handle.net/10259/8244</subfield>
</datafield>
<datafield tag="024" ind2=" " ind1="8">
<subfield code="a">10.36443/sarmental.61</subfield>
</datafield>
<datafield tag="024" ind2=" " ind1="8">
<subfield code="a">2952-1084</subfield>
</datafield>
<datafield ind1=" " ind2=" " tag="653">
<subfield code="a">Crónicas conventuales</subfield>
</datafield>
<datafield ind1=" " ind2=" " tag="653">
<subfield code="a">Franciscanismo</subfield>
</datafield>
<datafield ind1=" " ind2=" " tag="653">
<subfield code="a">Historiología</subfield>
</datafield>
<datafield ind1=" " ind2=" " tag="653">
<subfield code="a">Topografía funeraria</subfield>
</datafield>
<datafield ind1=" " ind2=" " tag="653">
<subfield code="a">Toro (Zamora)</subfield>
</datafield>
<datafield ind1=" " ind2=" " tag="653">
<subfield code="a">Urbanismo medieval</subfield>
</datafield>
<datafield ind1=" " ind2=" " tag="653">
<subfield code="a">Vistas de ciudades</subfield>
</datafield>
<datafield ind1=" " ind2=" " tag="653">
<subfield code="a">Monastic chronicles</subfield>
</datafield>
<datafield ind1=" " ind2=" " tag="653">
<subfield code="a">Franciscanism</subfield>
</datafield>
<datafield ind1=" " ind2=" " tag="653">
<subfield code="a">Historiography</subfield>
</datafield>
<datafield ind1=" " ind2=" " tag="653">
<subfield code="a">Funerary topography</subfield>
</datafield>
<datafield ind1=" " ind2=" " tag="653">
<subfield code="a">Medieval urban planning</subfield>
</datafield>
<datafield ind1=" " ind2=" " tag="653">
<subfield code="a">City views</subfield>
</datafield>
<datafield tag="245" ind1="0" ind2="0">
<subfield code="a">Imagen y memoria del franciscanismo en Toro. Notas y crónicas para el estudio de un convento olvidado</subfield>
</datafield>
</record></metadata></record></GetRecord></OAI-PMH>